Music Quiz

Random Music Quiz

Lyrics to Young And Menace by Fall Out Boy Quiz Stats

Quiz not verified by Sporcle

Challenge
Share
Tweet
Embed
Score 0/210 Timer 10:00
0 Plays Today
Answer % Correct
and
99.2%
And
99.2%
and
99.2%
a
99.2%
and
99.2%
a
99.2%
the
99.2%
and
99.2%
a
99.2%
And
99.2%
the
99.2%
the
99.2%
anD
99.2%
A
99.2%
AND
99.2%
A
99.2%
the
99.2%
the
99.2%
the,
99.2%
tHE,
99.2%
me
96.9%
me
96.9%
mEeeEeEeeEEE *go soul voice*
96.9%
you
96.1%
you
96.1%
you
96.1%
young
95.7%
YOUNG
95.7%
menace.
95%
MENACE.
95%
to
94.2%
to
94.2%
to
94.2%
to
94.2%
to
94.2%
We
93.8%
we
93.8%
We
93.8%
for
93%
for
93%
for
93%
for
93%
FORRRR
93%
for
93%
it
91.9%
it
91.9%
it
91.9%
this
91.5%
this
91.5%
this
91.5%
was
91.1%
was
91.1%
was
91.1%
was
91.1%
WAS
91.1%
long,
90.7%
long.
90.7%
way
90.3%
too
90.3%
way
90.3%
too
90.3%
way
90.3%
too
90.3%
way
90.3%
too
90.3%
fast
89.9%
make
89.9%
have
89.9%
make
89.9%
make
89.9%
Answer % Correct
fast
89.9%
my
89.1%
my
89.1%
my
89.1%
my
89.1%
my
89.1%
gone
88.8%
far.
88.8%
I
88.8%
I
88.8%
I
88.8%
I
88.8%
I
88.8%
I
88.8%
I
88.8%
I
88.8%
I
88.8%
I
88.8%
I
88.8%
I
88.8%
I
88.8%
I
88.8%
gone
88.8%
again
88.4%
again,
88.4%
far
88.4%
Far
88.4%
again
88.4%
so
87.6%
so
87.6%
kill
87.6%
twice.
87.6%
Kill
87.6%
twice
87.6%
'oops
87.6%
did
87.6%
Oops
87.6%
did
87.6%
were
87.2%
that
87.2%
never
86.4%
forgot
86.4%
forgot
86.4%
like
86%
name
86%
half
85.7%
on
85.7%
think
85.3%
God
85.3%
up
85.3%
up
85.3%
much
84.9%
much
84.9%
woke
84.9%
rewind
84.9%
Woke
84.9%
of
84.9%
rewind!
84.9%
is
84.5%
losing
84.5%
mind
84.5%
press
84.5%
losing
84.5%
mind
84.5%
press
84.5%
message
84.1%
MESSAGE
84.1%
supposed
83.7%
gonna
83.7%
life,
83.3%
Answer % Correct
life
83.3%
Sixx
83.3%
live
82.2%
in
82.2%
side
82.2%
wrong
81.8%
what
81%
down
81%
what
81%
down
81%
wrote
80.6%
send
80.6%
reality,
80.6%
wrote
80.6%
SEND
80.6%
lived
80.2%
shoes
79.8%
as
79.8%
as
79.8%
only
79.1%
only
79.1%
Nikki
78.3%
just
77.1%
just
77.1%
just
77.1%
just
77.1%
some
76.4%
i'm
75.6%
i'm
75.6%
I'm
75.6%
i'm
75.6%
i'm
75.6%
where
75.2%
about'
74.4%
there
74.4%
about.
74.4%
exist
73.6%
time.
73.6%
time
73.6%
but
72.9%
but
72.9%
singing
70.9%
yet
69.4%
yet'
69.4%
there's
68.6%
right
67.8%
through
67.8%
not
66.3%
here
65.9%
here
65.9%
here
65.9%
thats
65.5%
coursing
64.3%
madness
64%
sure
63.2%
iv'e
60.5%
best
59.7%
become
55.8%
psych
53.5%
assessment,
53.1%
deep
51.6%
end,
51.6%
certain
51.2%
yeah.
51.2%
oh
49.2%
arrived
49.2%
off
46.9%
am
41.9%
If
35.3%
it's
15.5%

You're not logged in!

Compare scores with friends on all Sporcle quizzes.
Join for Free
OR
Log In

You Might Also Like...

Show Comments

Extras

Top Quizzes Today


Score Distribution

Your Account Isn't Verified!

In order to create a playlist on Sporcle, you need to verify the email address you used during registration. Go to your Sporcle Settings to finish the process.

Report this User

Report this user for behavior that violates our Community Guidelines.

Details: